00385nam a2200157Ia 4500003000900000005001700009008004100026040001300067040001300080100001800093245007300111260001200184300000800196490000600204700001700210IT-RoPAU20220918175413.0120407s9999 xx 000 0 und d aIT-RoPAU cIT-RoPAU aSaverio Gaeta aCultura e pastorale del terzo millennio. Da Palermo il nuovo cammino aPaoline c cm v1 aSergio Lanza